| 000 | 00510nam a2200205Ia 4500 | ||
|---|---|---|---|
| 003 | GCL | ||
| 008 | 140319s9999 xx 000 0 eng d | ||
| 040 |
_aGCL / _cGCL |
||
| 082 | 0 | 4 |
_a822 _bC W |
| 100 | 1 | _aCONGRREVE, WILLIAM | |
| 245 | 1 | 0 |
_aTHE WAY OF THE WORLD / _cCONGRREVE, WILLIAM |
| 260 |
_a[S.N] : _bYORK PRESS ، _c1988 |
||
| 300 | _a137 PP | ||
| 650 | 0 | 4 | _aENGLISH LITERATURE |
| 650 | 0 | 4 | _aENGLISH LANGUAGE |
| 650 | 0 | 4 | _aTHEATER |
| 650 | 0 | 4 | _aDRAMA |
| 650 | 0 | 4 | _aENGLISH DRAMA |
| 942 |
_2ddc _cBK |
||
| 999 |
_c18169 _d18169 |
||